00336nam a2200121Ia 4500008004100000020001400041050001500055100002100070245003500091260005200126300002300178650001300201150202s9999 xx 000 0 und d a440220270 aFIC bFIC  aRylant, Cynthia. aMissing May /cCynthia Rylant. aNew York :bBantam Doubleday Dell Books,c1992. a14 pages :c18 cm. aFiction.